Symmetry: Pasundan Journal of Research in Mathematics Learning and Education | Universitas Pasundan

গ্রন্থ-পঞ্জীর বিবরন
বিন্যাস: বৈদ্যুতিক পত্রিকা
ভাষা:English
প্রকাশিত: Cambridge University Press
অনলাইন ব্যবহার করুন:Full text available on Research4Life (HINARI,AGORA,OARE,ARDI & GOALI)
LEADER 00786cas a2200169 a 4500
001 AALejournalResearch4Life014136
008 240902c9999 xx r poo 0 0eng d
022 |a 25482297 
040 |a BD-DhAAL  |c BD-DhAAL 
245 0 0 |h [electronic resource]  |a Symmetry: Pasundan Journal of Research in Mathematics Learning and Education | Universitas Pasundan 
260 |b Cambridge University Press 
300 |a 1 online resource 
362 0 |a 2016 - current issue 
500 |a <strong>On-Campus Access Only (IP based access)</strong> 
506 |a Electronic access restricted to authorized BRAC University faculty, staff and students 
538 |a Mode of access: Internet 
856 4 0 |z Full text available on Research4Life (HINARI,AGORA,OARE,ARDI & GOALI)  |u https://journal.unpas.ac.id/index.php/symmetry